| 000 | 00480nam a22001697a 4500 | ||
|---|---|---|---|
| 005 | 20250216143058.0 | ||
| 008 | 250216b |||||||| |||| 00| 0 eng d | ||
| 020 | _a978126508211 | ||
| 082 |
_a006.3 _bGER-A |
||
| 100 | _aCerez, Sabih H. | ||
| 245 |
_aAlgorithms for VLSI Design Automation / _cSabih H.Gerez |
||
| 260 |
_aUSA: _bCengage learning; _c2007. |
||
| 300 |
_axxiv, 326 p. : _bill; _c24 cm. |
||
| 500 | _ainclude index. | ||
| 650 | _aSoftware Engineering | ||
| 999 |
_c36869 _d36869 |
||